| 000 | 00379nam a2200133Ia 4500 | ||
|---|---|---|---|
| 005 | 20251222144639.0 | ||
| 008 | 251222s9999||||xx |||||||||||||| ||spa|| | ||
| 020 | _a84-259-0883-3 | ||
| 082 | _a340.11/A87 | ||
| 100 | _aAtienza, Manuel | ||
| 245 | 0 | _aLas Razones del Derecho: Teorías de la Argumentación Jurídica | |
| 264 | _bCentro de Estudios Constitucionales | ||
| 942 | _cLIB | ||
| 999 |
_c16610 _d16610 |
||